Optical Fiber Commuication (Record no. 190275)

000 -LEADER
fixed length control field 00292 a2200145 4500
003 - CONTROL NUMBER IDENTIFIER
control field Nust
005 - DATE AND TIME OF LATEST TRANSACTION
control field 20170207153906.0
028 ## - PUBLISHER NUMBER
Publisher number Katson Books
040 ## - CATALOGING SOURCE
Transcribing agency Nust
082 ## - DEWEY DECIMAL CLASSIFICATION NUMBER
Classification number 621.3827
100 ## - MAIN ENTRY--PERSONAL NAME
Personal name Sapa Katiyar
245 ## - TITLE STATEMENT
Title Optical Fiber Commuication
300 ## - PHYSICAL DESCRIPTION
Extent 1-484
518 ## - DATE/TIME AND PLACE OF AN EVENT NOTE
Date/time and place of an event note New Delhi
942 ## - ADDED ENTRY ELEMENTS (KOHA)
Source of classification or shelving scheme
Koha item type Book
Holdings
Withdrawn status Lost status Source of classification or shelving scheme Damaged status Not for loan Collection code Permanent Location Current Location Date acquired Total Checkouts Full call number Barcode Date last seen Price effective from Koha item type Shelving location Public note
            Military College of Signals (MCS) Military College of Signals (MCS) 12/12/2016   621.3827 KAT MCS35922 12/08/2016 12/12/2016 Book    
            Military College of Signals (MCS) Military College of Signals (MCS) 12/12/2016   621.3827 KAT MCS35923 12/08/2016 12/12/2016 Book General Stacks Almirah No.83, Shelf No.4
© 2023 Central Library, National University of Sciences and Technology. All Rights Reserved.